| 000 | 00463nam a2200145 i 4500 | ||
|---|---|---|---|
| 001 | 36045 | ||
| 003 | ES-MaACL | ||
| 007 | t| | ||
| 008 | 030217s1906 xxu ||||1| eng d | ||
| 100 | 1 |
_aBrady, Cyrus Townsend. _931268 |
|
| 245 | 1 | 4 |
_aThe true Andrew Jackson _b: with twenty-three illustrations / _cCyrus Townsend Brady. |
| 260 |
_aPhiladelphia : _bJ.B. Lippincott Company, _c1906. |
||
| 300 |
_aXXVIII, 504 p. : _b23 grab. ; _c20 cm. |
||
| 852 |
_aES-MaACL _jC-735 |
||
| 999 |
_c36045 _d36045 |
||